| 000 | 01012pam a2200277 a 4500 | ||
|---|---|---|---|
| 001 | 4713797 | ||
| 003 | ARRUPE | ||
| 005 | 20211014104837.0 | ||
| 008 | 830303s1983 enk b 001 0 eng | ||
| 010 | _a 83005132 | ||
| 020 | _a0521238293 | ||
| 020 | _a0521282462 (pbk.) | ||
| 040 |
_aDLC _cDLC _dDLC |
||
| 050 | 0 | 0 |
_aQ175 _b.H2 1983 |
| 082 | 0 | 0 |
_a501 _219 |
| 100 | 1 |
_aHacking, Ian. _99944 |
|
| 245 | 1 | 0 |
_aRepresenting and intervening : _bintroductory topics in the philosophy of natural science / _cIan Hacking. |
| 260 |
_aCambridge [Cambridgeshire] ; _aNew York : _bCambridge University Press, _c1983. |
||
| 300 |
_axv, 287 p. ; _c22 cm. |
||
| 504 | _aIncludes bibliographical references and index. | ||
| 650 | 0 |
_aScience _xPhilosophy. |
|
| 856 | 4 | 2 |
_3Publisher description _uhttp://www.loc.gov/catdir/description/cam022/83005132.html |
| 856 | 4 | 1 |
_3Table of contents _uhttp://www.loc.gov/catdir/toc/cam025/83005132.html |
| 906 |
_a7 _bcbc _corignew _d1 _eocip _f19 _gy-gencatlg |
||
| 942 |
_2lcc _cMONOGRAPH |
||
| 999 |
_c130852 _d130852 |
||